Štátna pokladnica - realistický faktor fiškálnej politiky
Štátna pokladnica v komplexnom finančnom manažmente verejných financií. Zavedenie systému Štátnej pokladnice v SR. Fiškálna politika - jej cieľ a nástroje. Funkcie štátnej pokladnice a ich komparácia so súčasným stavom. Charakteristika jednotlivých funkcií, ich súčasný stav a spôsob riešení.
Salvato in:
| Autore principale: | |
|---|---|
| Natura: | Capitolo di libro |
| Lingua: | slovacco |
| Soggetti: | |
| Tags: |
Nessun Tag, puoi essere il primo ad aggiungerne!!
|
MARC
| LEADER | 00000naa$a2200000$$$4500 | ||
|---|---|---|---|
| 001 | 0009310 | ||
| 005 | 20230929115058.3 | ||
| 041 | 0 | |a slo | |
| 044 | |a SK | ||
| 245 | 1 | 0 | |a Štátna pokladnica - realistický faktor fiškálnej politiky |c aut. Irena Šulajová |
| 520 | |a Štátna pokladnica v komplexnom finančnom manažmente verejných financií. Zavedenie systému Štátnej pokladnice v SR. Fiškálna politika - jej cieľ a nástroje. Funkcie štátnej pokladnice a ich komparácia so súčasným stavom. Charakteristika jednotlivých funkcií, ich súčasný stav a spôsob riešení. | ||
| 610 | 2 | 0 | |a pokladnica štátna |
| 610 | 2 | 0 | |a politika fiškálna |
| 610 | 2 | 0 | |a politika hospodárska |
| 610 | 2 | 0 | |a financie verejné |
| 610 | 2 | 0 | |a manažment finančný |
| 610 | 2 | 0 | |a Slovensko |
| 100 | 1 | |a Šulajová, Irena | |